| 000 | 00776nam a22002177a 4500 | ||
|---|---|---|---|
| 005 | 20150124124949.0 | ||
| 008 | 130903t sp||||| |||| 00| 0 esp d | ||
| 050 |
_aB 765 .T65 _bM35 1953 |
||
| 100 | 1 | _aManser, G.M. O.P. | |
| 245 | 1 | 3 |
_aLa Esencia del Tomismo / _cG.M. Manser, O.P. |
| 250 | _aSegunda Edición: 1953 | ||
| 260 |
_aMadrid, España : _bSelecciones Gráficas, _c1953. |
||
| 300 |
_a836 paginas, _c22 X 17 centimetros |
||
| 440 |
_pSerie "B" _vNúmero: 7 |
||
| 490 | _aConsejo Superior de Investigaciones Cientificas, | ||
| 500 | _aTraducción del Aleman, Corregida y Aumentada | ||
| 504 | _aIncluye: Bibliografias e Indices | ||
| 650 | 7 |
_2Lemb _aFilosofía _xEscolastica. |
|
| 700 | 1 |
_aManser, G.M. _eTraducción: García Yebra Valentin. |
|
| 942 |
_2ddc _cLIB |
||
| 999 |
_c40886 _d40886 |
||